000 00336nam a2200145Ia 4500
008 191201s1982 xx 000 0 und d
082 _a621
_bJAE
100 _aJACOBOWITZ, Henry
245 0 _aElectronics Made Simple
250 _a1st
260 _aN. Delhi
_bRupa and Co.
_c1982
300 _a307
650 _aApplied
942 _2ddc
_cBK
999 _c642
_d642